Social Networks Countries Quiz Stats

 Plays Quiz Updated Mar 14, 2015

Challenge
Share
Tweet
Embed
Score 0/40 Timer 02:00
5 Plays Today
Social Network Country % Correct
FacebookUnited States
99.7%
TwitterUnited States
99.7%
LinkedInUnited States
99.7%
Google+United States
99.7%
FacebookUnited Kingdom
95.7%
TwitterUnited Kingdom
95.7%
LinkedInUnited Kingdom
95.7%
Google+United Kingdom
95.7%
FacebookFrance
95.2%
LinkedInFrance
95.2%
Google+France
95.2%
FacebookGermany
93.9%
Google+Germany
93.9%
TwitterCanada
93.4%
LinkedInCanada
93.4%
FacebookMexico
89.7%
TwitterMexico
89.7%
LinkedInMexico
89.7%
FacebookBrazil
89.4%
TwitterBrazil
89.4%
Social Network Country % Correct
LinkedInBrazil
89.4%
Google+Brazil
89.4%
FacebookJapan
88.6%
TwitterJapan
88.6%
TwitterSpain
87.9%
LinkedInSpain
87.9%
Google+Spain
87.9%
FacebookItaly
84.6%
LinkedInItaly
84.6%
Google+Italy
84.6%
FacebookIndia
84.4%
TwitterIndia
84.4%
LinkedInIndia
84.4%
Google+India
84.4%
LinkedInAustralia
80.8%
FacebookIndonesia
53.8%
TwitterIndonesia
53.8%
Google+Indonesia
53.8%
Google+Turkey
43.9%
TwitterPhilippines
32.2%

You're not logged in!

Compare scores with friends on all Sporcle quizzes.
Join for Free
OR
Log In

You Might Also Like...

Show Comments

Extras

Top Quizzes Today


Score Distribution

Your Account Isn't Verified!

In order to create a playlist on Sporcle, you need to verify the email address you used during registration. Go to your Sporcle Settings to finish the process.

Report this User

Report this user for behavior that violates our Community Guidelines.

Details: